Difference in approaches to studying between accounting and law students : influence of gender and academic achievement /
Saved in:
| Main Author: | |
|---|---|
| Format: | Unknown |
| Language: | English |
| Tags: |
Add Tag
No Tags, Be the first to tag this record!
|
| LEADER | 005800000a22001090004500 | ||
|---|---|---|---|
| 008 | 210225n 000 0 eng u | ||
| 100 | 1 | |a Hilmun binti Mohamed | |
| 245 | 1 | |a Difference in approaches to studying between accounting and law students : |b influence of gender and academic achievement / |c by Hilmun binti Mohamed | |
| 264 | |a Kuala Lumpur : |b Kulliyyah of Economics and Management Sciences, International Islamic University Malaysia, |c 2003 | ||
| 596 | |a 1 | ||
| 999 | |c 441500 |d 471469 | ||
| 952 | |0 0 |6 XX(566292.000001) |7 4 |9 762848 |a IIUM |b IIUM |g 0.00 |o XX(566292.1) |p 11100425442 |r 1900-01-02 |t 1 |v 0.00 |y THESIS | ||
